000 00743cam a22002291a 4500
001 ne 68002755
003 DLC
005 20260227111844.0
008 910222s1958 ir ach 000 0 perr
010 _ane 68002755
035 _a(OCoLC)23138977
040 _aDLC
_cCU
_dCU
_dDLC
042 _apremarc
050 0 0 _aDS307
_b.M3 1958
100 1 _aMakkī, Ḥusayn.
245 1 0 _aZindagānī-i Mīrzā Taqī Khān Amīr Kabīr /
_ctaʼlīf va nigārish-i Ḥusayn Makkī.
250 _aChāp-i 3.
260 _a[Tihrān] :
_bKitābfurūshī Muḥammad ʻAlī ʻIlmī,
_c1337 [1958]
300 _a3, 413 p. :
_bill., facsims., ports.
_c25 cm.
504 _aBibliographical footnotes.
600 1 0 _aAmīr Kabīr, Mīrzā Taqī Khān,
_d-1852.
999 _c50605
_d50605